000 00450nam a2200157 a 4500
001 3641
005 20140414131905.0
008 060921s19uu xx 00 eng d
020 _a0-553-48334-x
050 _aFIC
_bSt4 1996
100 _aStewart, Molly Mia
245 _aSweetvalley kids #68 :
_ba roller coaster for the twins! /
_cby Molly Mia Stewart.
260 _aNew York :
_bBantam books,
_cc1996.
300 _a91 p. ; cm.
999 _c110915
_d110915